[Event "Bucharest op"]
[Site "Bucharest"]
[Date "2007.09.??"]
[Round "?"]
[White "Davidescu, Ovidiu"]
[Black "Moldovan, Daniel"]
[Result "0-1"]
[WhiteElo "1908"]
[BlackElo "2435"]
[PlyCount "60"]
[EventDate "2007.09.??"]
[EventType "swiss"]
[EventRounds "9"]
[EventCountry "ROU"]
[SourceTitle "EXT 2010"]
[Source "ChessBase"]
[SourceDate "2010.11.25"]
[SourceVersion "1"]
[SourceVersionDate "2010.11.25"]
[SourceQuality "1"]

1. d4 Nf6 2. Nf3 d5 3. c4 dxc4 4. Nc3 c5 5. Qa4+ Bd7 6. Qxc4 cxd4 7. Nxd4 e5 8. Nf3 Nc6 9. e3 a6 10. Be2 Be6 11. Qd3 Qxd3 12. Bxd3 0-0-0 13. Bb1 h6 14. a3 Nd7 15. b4 Nb6 16. Ba2 Bxa2 17. Rxa2 Be7 18. Rc2 Kb8 19. Ke2 f5 20. b5 axb5 21. Nxb5 Rd5 22. Nc3 Ra5 23. Nb1 e4 24. Nfd2 Rc8 25. Nb3 Rb5 26. N1d2 Bf6 27. Bb2 Bxb2 28. Rxb2 Ne5 29. Rhb1 Na4 30. Ra2 Nc3+ 0-1

[Event "Eforie Nord Romgaz op"]
[Site "Eforie Nord"]
[Date "2007.08.08"]
[Round "7"]
[White "Davidescu, Ovidiu"]
[Black "Chifor, Ovidiu Emanuel"]
[Result "0-1"]
[WhiteElo "1908"]
[BlackElo "1884"]
[PlyCount "84"]
[EventDate "2007.08.03"]
[EventType "swiss"]
[EventRounds "9"]
[EventCountry "ROU"]
[SourceTitle "EXT 2010"]
[Source "ChessBase"]
[SourceDate "2010.11.25"]
[SourceVersion "1"]
[SourceVersionDate "2010.11.25"]
[SourceQuality "1"]

1. d4 d5 2. c4 e6 3. Nc3 c6 4. e3 Nf6 5. Nf3 Be7 6. Qc2 Nbd7 7. g4 dxc4 8. Bxc4 b5 9. Be2 Bb7 10. Rg1 a6 11. g5 Nd5 12. Bd2 Qb6 13. e4 Nb4 14. Qb3 c5 15. a3 cxd4 16. axb4 dxc3 17. Bxc3 Bxe4 18. Bxg7 Rg8 19. Bd4 Qc6 20. h4 Rc8 21. Kd2 Qd6 22. Ke3 Bc2 23. Qa3 e5 24. Bc3 Bd8 25. Nd2 Qd5 26. Bf1 Rc6 27. Rc1 Bb6+ 28. Ke2 Bd3+ 29. Ke1 e4 30. Bxd3 Qxd3 31. Rg4 Bxf2+ 32. Kxf2 e3+ 33. Kg1 exd2 34. Bxd2 Rxc1+ 35. Bxc1 Qd1+ 36. Kh2 Qxg4 37. Qe3+ Qe6 38. Qf3 Ke7 39. g6 Rxg6 40. Bg5+ f6 41. Bf4 Qe1 42. Bg3 Qxg3+ 0-1

[Event "Eforie Nord Romgaz op"]
[Site "Eforie Nord"]
[Date "2007.08.05"]
[Round "4"]
[White "Davidescu, Ovidiu"]
[Black "Fugulyan, Grigore"]
[Result "1/2-1/2"]
[WhiteElo "1908"]
[BlackElo "2048"]
[PlyCount "90"]
[EventDate "2007.08.03"]
[EventType "swiss"]
[EventRounds "9"]
[EventCountry "ROU"]
[SourceTitle "EXT 2010"]
[Source "ChessBase"]
[SourceDate "2010.11.25"]
[SourceVersion "1"]
[SourceVersionDate "2010.11.25"]
[SourceQuality "1"]

1. d4 Nf6 2. c4 g6 3. Nc3 Bg7 4. e4 d6 5. Nf3 0-0 6. Be2 Nbd7 7. 0-0 e5 8. Be3 c6 9. d5 c5 10. Bg5 h6 11. Bd2 Nh5 12. g3 Kh7 13. Nh4 Nf4 14. Bf3 Nb6 15. b3 f5 16. exf5 gxf5 17. Bxf4 exf4 18. Qc2 Qf6 19. Ne2 Qg5 20. Nxf4 Bxa1 21. Rxa1 Bd7 22. Bh5 Rg8 23. Bg6+ Rxg6 24. Nhxg6 Rg8 25. h4 Qf6 26. Re1 Rxg6 27. Nxg6 Kxg6 28. Re3 Nc8 29. Qe2 f4 30. Rf3 Qe5 31. Qd2 fxg3 32. Rxg3+ Kh7 33. Qa5 b6 34. Qa6 Bf5 35. Qb7+ Ne7 36. Re3 Be4 37. f3 Qg3+ 38. Kf1 Qh3+ 39. Kg1 Qg3+ 40. Kf1 Qh3+ 41. Ke2 Qg2+ 42. Ke1 Qg1+ 43. Ke2 Qg2+ 44. Ke1 Qg1+ 45. Ke2 Qg2+ 1/2-1/2

[Event "Felix Cup 22nd"]
[Site "Felix Spa"]
[Date "2007.05.25"]
[Round "1"]
[White "Itkis, Boris"]
[Black "Davidescu, Ovidiu"]
[Result "1-0"]
[WhiteElo "2429"]
[BlackElo "1927"]
[PlyCount "51"]
[EventDate "2007.05.25"]
[EventType "swiss"]
[EventRounds "9"]
[EventCountry "ROU"]
[SourceTitle "CBM 118 Extra"]
[Source "ChessBase"]
[SourceDate "2007.07.04"]
[SourceVersion "1"]
[SourceVersionDate "2007.07.04"]
[SourceQuality "1"]

1. d4 Nf6 2. c4 g6 3. Nc3 d5 4. Nf3 Bg7 5. Qa4+ Bd7 6. Qb3 Bc6 7. e3 0-0 8. Ne5 e6 9. Nxc6 Nxc6 10. Qxb7 Qd7 11. cxd5 Nxd5 12. Qb3 Rab8 13. Qd1 Nxc3 14. bxc3 e5 15. Ba3 Rfe8 16. Be2 Qd5 17. 0-0 Qa5 18. Qc1 exd4 19. Bf3 dxe3 20. Bxc6 exf2+ 21. Rxf2 Re6 22. Bd7 Ra6 23. Bb4 Qb6 24. Qf4 c5 25. Qxf7+ Kh8 26. Re1 1-0

[Event "ROM-ch"]
[Site "Amara"]
[Date "2007.02.22"]
[Round "8"]
[White "Davidescu, Ovidiu"]
[Black "Stanculescu, Claudiu"]
[Result "0-1"]
[WhiteElo "1958"]
[BlackElo "2207"]
[PlyCount "74"]
[EventDate "2007.02.16"]
[EventType "swiss"]
[EventRounds "9"]
[EventCountry "ROU"]
[SourceTitle "CBM 117 Extra"]
[Source "ChessBase"]
[SourceDate "2007.05.09"]
[SourceVersion "1"]
[SourceVersionDate "2007.05.09"]
[SourceQuality "1"]

1. d4 Nf6 2. Nf3 g6 3. Nbd2 d5 4. b4 Qd6 5. Ba3 a5 6. c4 axb4 7. c5 Qa6 8. Bxb4 Qa4 9. Qxa4+ Rxa4 10. a3 b6 11. e3 Ba6 12. Bxa6 Nxa6 13. 0-0 bxc5 14. dxc5 Bg7 15. Rab1 Nd7 16. Rfc1 Nxb4 17. axb4 0-0 18. b5 Rb8 19. b6 c6 20. g3 e5 21. Nb3 Bf8 22. Rc3 f6 23. Rbc1 Rba8 24. Ne1 Rb4 25. Nf3 Kf7 26. Nfd2 Ra3 27. f3 Rb5 28. Kf2 Ke7 29. Ke2 Ra2 30. Kd3 Kd8 31. Ke2 Kc8 32. Kd3 Ra3 33. Kc2 Nxc5 34. Nxc5 Rxc3+ 35. Kxc3 Rxc5+ 36. Kb2 Rxc1 37. Kxc1 Kb7 0-1

[Event "ROM-ch"]
[Site "Amara"]
[Date "2007.02.20"]
[Round "6"]
[White "Davidescu, Ovidiu"]
[Black "Marcu, Iulian"]
[Result "1-0"]
[WhiteElo "1958"]
[BlackElo "2076"]
[PlyCount "127"]
[EventDate "2007.02.16"]
[EventType "swiss"]
[EventRounds "9"]
[EventCountry "ROU"]
[SourceTitle "CBM 117 Extra"]
[Source "ChessBase"]
[SourceDate "2007.05.09"]
[SourceVersion "1"]
[SourceVersionDate "2007.05.09"]
[SourceQuality "1"]

1. d4 Nf6 2. c4 c5 3. d5 d6 4. Nf3 g6 5. Nc3 Bg7 6. e4 0-0 7. Nd2 e6 8. Bd3 exd5 9. cxd5 b6 10. Qe2 Re8 11. 0-0 a6 12. a4 Nbd7 13. Nc4 Ne5 14. Nxe5 Rxe5 15. Bf4 Re8 16. h3 Nh5 17. Bh2 f5 18. Qc2 f4 19. Be2 Qg5 20. Kh1 Be5 21. Bf3 Qh4 22. Qe2 Nf6 23. Ra3 Re7 24. Rb1 g5 25. Nd1 h5 26. Qe1 g4 27. g3 Qg5 28. h4 Qh6 29. gxf4 Bxf4 30. Bxf4 Qxf4 31. Bg2 Nd7 32. Qe3 Rf7 33. Rc1 Ne5 34. Rc2 Rb8 35. Qxf4 Rxf4 36. Kh2 b5 37. axb5 axb5 38. Kg3 Rf7 39. Ne3 Kg7 40. b3 Kf6 41. Rca2 Ng6 42. Ra8 Rxa8 43. Rxa8 Rc7 44. Bf1 Bd7 45. Ra5 Rb7 46. Be2 Ke5 47. Bd1 Nf4 48. Ra8 Kxe4 49. Bc2+ Ke5 50. Rf8 Nxd5 51. Nxd5 Kxd5 52. Rh8 Kd4 53. Rxh5 c4 54. bxc4 bxc4 55. Rh7 c3 56. Rf7 Kc5 57. h5 d5 58. h6 Ba4 59. h7 Rb8 60. Bxa4 d4 61. Bc2 Kc4 62. Rc7+ Kd5 63. Kxg4 Kd6 64. Rg7 1-0

[Event "ROM-ch"]
[Site "Amara"]
[Date "2007.02.17"]
[Round "2"]
[White "Davidescu, Ovidiu"]
[Black "Baratosi, Daniel"]
[Result "0-1"]
[WhiteElo "1958"]
[BlackElo "2329"]
[PlyCount "94"]
[EventDate "2007.02.16"]
[EventType "swiss"]
[EventRounds "9"]
[EventCountry "ROU"]
[SourceTitle "CBM 117 Extra"]
[Source "ChessBase"]
[SourceDate "2007.05.09"]
[SourceVersion "1"]
[SourceVersionDate "2007.05.09"]
[SourceQuality "1"]

1. d4 d5 2. c4 e6 3. Nf3 Nf6 4. Nc3 Be7 5. Bg5 0-0 6. e3 Nbd7 7. Rc1 c6 8. Bd3 h6 9. Bh4 a6 10. c5 e5 11. Be2 e4 12. Nd2 Ne8 13. Bg3 f5 14. 0-0 Bh4 15. b4 Bxg3 16. hxg3 Qg5 17. a4 Nef6 18. b5 h5 19. bxc6 bxc6 20. Qe1 Re8 21. a5 g6 22. Na4 Ra7 23. Rc3 Ng4 24. Nb6 Nf8 25. Rb3 Be6 26. f3 Nf6 27. f4 Qh6 28. Na4 Ng4 29. Bxg4 hxg4 30. Kf2 g5 31. Rh1 Qg7 32. Rb4 gxf4 33. exf4 Bc8 34. Ke3 Ne6 35. Nb3 Nc7 36. Nb6 Qg6 37. Rh4 Nb5 38. Qh1 Rh7 39. Nc1 Be6 40. Ne2 Ree7 41. Qe1 Qf6 42. Qf2 Kf8 43. Rb1 Na3 44. Rb2 Rb7 45. Rxh7 Rxb6 46. Qe1 Rxb2 47. Ra7 Nc2+ 0-1

[Event "ROM-chT div-A"]
[Site "Predeal"]
[Date "2006.11.10"]
[Round "7"]
[White "Davidescu, Ovidiu"]
[Black "Todoran, Ion George"]
[Result "0-1"]
[WhiteElo "1983"]
[BlackElo "2180"]
[PlyCount "60"]
[EventDate "2006.11.04"]
[EventType "team"]
[EventRounds "9"]
[EventCountry "ROU"]
[SourceTitle "EXT 2007"]
[Source "ChessBase"]
[SourceDate "2006.11.23"]
[SourceVersion "1"]
[SourceVersionDate "2006.11.23"]
[SourceQuality "1"]

1. d4 Nf6 2. c4 e6 3. Nc3 Bb4 4. e3 c5 5. Bd3 Nc6 6. Nge2 Bxc3+ 7. bxc3 d6 8. 0-0 e5 9. Ng3 0-0 10. Bc2 Re8 11. f3 b6 12. d5 Na5 13. Bd3 Ba6 14. Qe2 Qd7 15. Nf5 g6 16. Nh6+ Kg7 17. e4 Nh5 18. g3 Qa4 19. Qe3 Bxc4 20. Bxc4 Nxc4 21. Nf5+ gxf5 22. Qh6+ Kh8 23. Qxh5 f4 24. gxf4 Rg8+ 25. Kh1 Qc2 26. Qh3 Qxc3 27. Qh4 Rg7 28. Qf6 Qd3 29. Be3 Qxe3 30. Rae1 Qxf4 0-1

[Event "ROM-chT div-A"]
[Site "Predeal"]
[Date "2006.11.06"]
[Round "3"]
[White "Davidescu, Ovidiu"]
[Black "Chirila, Ioan Cristian"]
[Result "0-1"]
[WhiteElo "1983"]
[BlackElo "2308"]
[PlyCount "50"]
[EventDate "2006.11.04"]
[EventType "team"]
[EventRounds "9"]
[EventCountry "ROU"]
[SourceTitle "EXT 2007"]
[Source "ChessBase"]
[SourceDate "2006.11.23"]
[SourceVersion "1"]
[SourceVersionDate "2006.11.23"]
[SourceQuality "1"]

1. d4 d5 2. c4 e6 3. Nc3 c6 4. e4 Bb4 5. e5 c5 6. a3 Bxc3+ 7. bxc3 Ne7 8. Nf3 Qc7 9. Be2 Nbc6 10. 0-0 0-0 11. Bd3 Ng6 12. h4 dxc4 13. Bb1 cxd4 14. cxd4 Rd8 15. Qc2 Nxd4 16. Nxd4 Rxd4 17. h5 Nf8 18. g3 b5 19. Be3 Rd7 20. Qe4 Bb7 21. Qg4 Qxe5 22. Bd2 f5 23. Qh3 h6 24. Rd1 Rad8 25. Re1 Qb2 0-1

[Event "Bucharest Winter Cup"]
[Site "Bucharest"]
[Date "2004.12.09"]
[Round "8"]
[White "Nita, Lucian"]
[Black "Davidescu, Ovidiu"]
[Result "1-0"]
[WhiteElo "2205"]
[BlackElo "1883"]
[PlyCount "125"]
[EventDate "2004.12.02"]
[EventType "tourn"]
[EventRounds "11"]
[EventCountry "ROU"]
[SourceTitle "EXT 2008"]
[Source "ChessBase"]
[SourceDate "2007.11.25"]
[SourceVersion "1"]
[SourceVersionDate "2007.11.25"]
[SourceQuality "1"]

1. e4 d6 2. f4 Nf6 3. d3 g6 4. Nf3 Bg7 5. g3 c5 6. Bg2 0-0 7. 0-0 Nc6 8. Nbd2 Ng4 9. Nc4 b5 10. Na3 Qb6 11. Qe2 Nd4 12. Nxd4 Bxd4+ 13. Kh1 c4 14. h3 cxd3 15. cxd3 Ne3 16. Bxe3 Bxe3 17. Nc2 Bd4 18. Nxd4 Qxd4 19. f5 Bb7 20. Rac1 Rac8 21. Rxc8 Rxc8 22. fxg6 hxg6 23. Kh2 b4 24. Rf4 Rc1 25. Rf1 Rc5 26. Qf2 Qxf2 27. Rxf2 a5 28. Bf3 Ba6 29. Rd2 a4 30. Bd1 Bb5 31. Kg2 a3 32. bxa3 bxa3 33. Kf2 Bd7 34. h4 Rb5 35. Bb3 Be6 36. Bxe6 fxe6 37. Ke3 e5 38. Rc2 e6 39. Rc3 Ra5 40. Rc6 d5 41. exd5 exd5 42. Rxg6+ Kf7 43. Rc6 Ra4 44. Rd6 Rg4 45. Kf3 Rd4 46. Ke2 Rb4 47. Rxd5 Rb2+ 48. Kf3 Ke6 49. Ra5 Rxa2 50. Kg4 Ra1 51. Kg5 a2 52. g4 Kf7 53. Ra7+ Kg8 54. Kg6 Kf8 55. g5 Rh1 56. Rxa2 Rxh4 57. Kf6 Rf4+ 58. Kxe5 Rg4 59. Kf6 Ke8 60. g6 Rg3 61. Ra8+ Kd7 62. g7 Rf3+ 63. Ke5 1-0

[Event "Bucharest Winter Cup"]
[Site "Bucharest"]
[Date "2004.12.05"]
[Round "4"]
[White "Bets, Anatolij"]
[Black "Davidescu, Ovidiu"]
[Result "1-0"]
[WhiteElo "2376"]
[BlackElo "1883"]
[PlyCount "67"]
[EventDate "2004.12.02"]
[EventType "tourn"]
[EventRounds "11"]
[EventCountry "ROU"]
[SourceTitle "EXT 2008"]
[Source "ChessBase"]
[SourceDate "2007.11.25"]
[SourceVersion "1"]
[SourceVersionDate "2007.11.25"]
[SourceQuality "1"]

1. d4 d6 2. c4 g6 3. e4 Bg7 4. Nc3 Nc6 5. Nge2 e5 6. Be3 f5 7. exf5 gxf5 8. d5 Nce7 9. Ng3 Nf6 10. Nh5 Nxh5 11. Qxh5+ Ng6 12. Bg5 Qd7 13. Bh6 0-0 14. Bxg7 Qxg7 15. 0-0-0 Qf6 16. g3 e4 17. f3 Re8 18. fxe4 fxe4 19. Bg2 Re5 20. Qh6 Bf5 21. Rhf1 Qe7 22. Rde1 e3 23. Rf3 Re8 24. Bh3 Bxh3 25. Qxh3 Qg5 26. Re2 Ne7 27. Rf4 Ng6 28. Rf3 Rf8 29. Rxf8+ Nxf8 30. Qc8 Qh5 31. Qxc7 Qh6 32. Qxb7 Rf5 33. Qxa7 Qg6 34. Qxe3 1-0

[Event "Bucharest Winter Cup"]
[Site "Bucharest"]
[Date "2004.12.02"]
[Round "1"]
[White "Davidescu, Ovidiu"]
[Black "Manea, Alexandru"]
[Result "0-1"]
[WhiteElo "1883"]
[BlackElo "2330"]
[PlyCount "62"]
[EventDate "2004.12.02"]
[EventType "tourn"]
[EventRounds "11"]
[EventCountry "ROU"]
[SourceTitle "EXT 2008"]
[Source "ChessBase"]
[SourceDate "2007.11.25"]
[SourceVersion "1"]
[SourceVersionDate "2007.11.25"]
[SourceQuality "1"]

1. e4 c5 2. c3 d6 3. d4 Nc6 4. Nf3 Nf6 5. Bd3 g6 6. 0-0 Bg7 7. Bg5 0-0 8. h3 cxd4 9. cxd4 d5 10. e5 Ne4 11. Be3 f6 12. exf6 exf6 13. Nc3 Nxc3 14. bxc3 Be6 15. Qd2 Rc8 16. Bh6 Na5 17. Rab1 b6 18. Rfc1 Nc4 19. Bxc4 Rxc4 20. Rb4 Rc6 21. a4 Bxh6 22. Qxh6 Qc7 23. Qd2 Rc8 24. Rb3 Rc4 25. Ra3 Bd7 26. Qd1 Qd6 27. Qb3 Qf4 28. Qd1 Bxa4 29. Qd2 Rxd4 30. Qxf4 Rxf4 31. Nd4 Rxd4 0-1